|
|
|
|
| LEADER |
01031nam a2200337 4500 |
| 001 |
DLU090070076 |
| 005 |
##20090525 |
| 040 |
# |
# |
|a DLU
|b eng
|
| 041 |
# |
# |
|a eng
|
| 044 |
# |
# |
|a UK
|
| 245 |
# |
# |
|a The effect of clover silages on long chain fatty acid rumen transformations and digestion in beef steers /
|c M. R. F. Lee, L. J. Harris, R. J. Dewhurst, R. J. Merry, N. D. Scollan.
|
| 653 |
# |
# |
|a Clover silage
|
| 653 |
# |
# |
|a Digestion
|
| 653 |
# |
# |
|a Hydrogenation
|
| 653 |
# |
# |
|a Long chain fatty acids
|
| 653 |
# |
# |
|a Steers
|
| 700 |
# |
# |
|a Dewhurst, R. J.
|
| 700 |
# |
# |
|a Harris, L. J.
|
| 700 |
# |
# |
|a Lee, M. R. F.
|
| 700 |
# |
# |
|a Merry, R. J.
|
| 700 |
# |
# |
|a Scollan, N. D.
|
| 773 |
# |
# |
|t Animal Science
|g Vol. 76, no. 3 (June 2003), p. 491-501
|
| 920 |
# |
# |
|a Phòng Tạp chí -- Trung tâm Thông tin - Thư viện Trường Đại học Đà Lạt
|
| 994 |
# |
# |
|a DLU
|
| 900 |
# |
# |
|a True
|
| 911 |
# |
# |
|a Trương Bảo Trâm Anh
|
| 925 |
# |
# |
|a G
|
| 926 |
# |
# |
|a A
|
| 927 |
# |
# |
|a BB
|
| 980 |
# |
# |
|a Thư viện Trường Đại học Đà Lạt
|